Devine le joueur de foot #15 - Statistiques

Statistiques générales
  • Ce quiz a été pris 112 fois
  • Le résultat moyen est 14 sur 20
Statistiques - réponses
Par images Réponse % Correct
Rafael Leão
95%
Victor Osimhen
92%
Ivan Rakitić
91%
Ruud Gullit
90%
Alexis Mac Allister
88%
Leny Yoro
88%
Serge Gnabry
88%
Sébastien Haller
83%
Jesús Navas
81%
Leandro Trossard
81%
Kim Min-jae
75%
Sávio Moreira de Oliveira
73%
Bobby Moore
63%
Youcef Atal
63%
André-Frank Zambo Anguissa
59%
Manoel Francisco dos Santos
59%
Lothar Matthäus
55%
Pablo Barrios
36%
Achraf Dari
11%
Mikey Moore
4%
Aucun quiz correspondant
Distribution des résultats
% des personnes avec chaque résultat
Percentile par nombre de réponses
Votre historique - résultats
Vous n’avez pas pris ce quiz